Pañcasakhā Oḍiā sāhitya. (Record no. 74662)

MARC details
000 -LEADER
fixed length control field 00607cam a22002411 4500
001 - CONTROL NUMBER
control field sa 67004656
003 - CONTROL NUMBER IDENTIFIER
control field DLC
005 - DATE AND TIME OF LATEST TRANSACTION
control field 20260227112349.0
008 - FIXED-LENGTH DATA ELEMENTS--GENERAL INFORMATION
fixed length control field 941012s1965 ii 000 0 orio
010 ## - LIBRARY OF CONGRESS CONTROL NUMBER
LC control number sa 67004656
025 ## - OVERSEAS ACQUISITION NUMBER
Overseas acquisition number PL480:I-O-604
035 ## - SYSTEM CONTROL NUMBER
System control number (OCoLC)31273883
040 ## - CATALOGING SOURCE
Original cataloging agency DLC
Transcribing agency CU
Modifying agency CU
-- DLC
042 ## - AUTHENTICATION CODE
Authentication code premarc
050 00 - LIBRARY OF CONGRESS CALL NUMBER
Classification number PK2570
Item number .M28
100 1# - MAIN ENTRY--PERSONAL NAME
Personal name Mahanti, Debendra.
245 10 - TITLE STATEMENT
Title Pañcasakhā Oḍiā sāhitya.
260 ## - PUBLICATION, DISTRIBUTION, ETC.
Date of publication, distribution, etc. [1965]
300 ## - PHYSICAL DESCRIPTION
Extent 3, 148 p.
Dimensions 19 cm.
500 ## - GENERAL NOTE
General note In Oriya.
650 #0 - SUBJECT ADDED ENTRY--TOPICAL TERM
Topical term or geographic name entry element Oriya literature
General subdivision History and criticism.
650 #0 - SUBJECT ADDED ENTRY--TOPICAL TERM
Topical term or geographic name entry element Poets, Oriya.

No items available.

Powered by Koha